Welcome to CU Library Online Public Access Catalogue (OPAC)

Angels in the workplace; (Record no. 5762)

MARC details
000 -LEADER
fixed length control field 00448nam a22001457a 4500
005 - DATE AND TIME OF LATEST TRANSACTION
control field 20250514140112.0
008 - FIXED-LENGTH DATA ELEMENTS--GENERAL INFORMATION
fixed length control field 250514b |||||||| |||| 00| 0 eng d
020 ## - INTERNATIONAL STANDARD BOOK NUMBER
International Standard Book Number 9780787943691
050 ## - LIBRARY OF CONGRESS CALL NUMBER
Classification number HF5548
Item number .8 GLO
100 ## - MAIN ENTRY--PERSONAL NAME
Personal name Glovagnoli, Melissa
245 ## - TITLE STATEMENT
Title Angels in the workplace;
Remainder of title stories and inspirations for creating a new world of work
260 ## - PUBLICATION, DISTRIBUTION, ETC.
Place of publication, distribution, etc. San Francisco
Name of publisher, distributor, etc. Jossey- Bass Publishers
Date of publication, distribution, etc. c1999
300 ## - PHYSICAL DESCRIPTION
Extent xvii, 214p
942 ## - ADDED ENTRY ELEMENTS (KOHA)
Source of classification or shelving scheme Library of Congress Classification
Koha item type Books
Suppress in OPAC No
999 ## -
-- 5762
-- 5762
Holdings
Withdrawn status Lost status Source of classification or shelving scheme Damaged status Not for loan Collection Home library Current library Shelving location Date acquired Total checkouts Full call number Barcode Date last seen Copy number Price effective from Koha item type
    Library of Congress Classification     Non-fiction Undergraduate Library (Christ Temple) Undergraduate Library (Christ Temple) General stacks 05/14/2025   HF5548.8 GLO ULCT00002373 05/14/2025 1 05/14/2025 Books
© 2023-2024 Copyright: Central University Libraries. All Rights Reserved | Created by: Mahone Tech Office